000 01787cam a22002774a 4500
020 _a0821370766
020 _a9780821370773
040 _ca
082 _a330 WOR 2007 A065 Or.
110 2 _aWorld Bank.
245 1 4 _aThe Little Data Book on Private Sector Development 2007
260 _aWashington, D.C. :
_bThe World Bank,
_c2007.
300 _a1 online resource (236 p.)
490 1 _aWorld Development Indicators
520 3 _aThe Little Data Book on Private Sector Development 2007 is one of a series of pocket-sized books intended to provide a quick reference to development data on different topics. The Little Data Book on Private Sector Development 2007 provides data for more than 20 key indicators on business environment and private sector development in a single page for each of the World Bank member countries and other economies with populations of more than 30,000. These more than 200 country pages are supplemented by aggregate data for regional and income groupings. The data topics include: economic and social context; business environment; private sector investment; finance and banking; infrastructure. It is intended as a quick reference for users of World Development Indicators, WDI Online, and the Atlas of Global Development. The book also includes data from the World Bank's Doing Business project and Enterprise Surveys.
650 4 _aBanks and Banking Reform.
650 4 _aDebt Markets.
650 4 _aEconomic Theory and Research.
650 4 _aFinance and Financial Sector Development.
650 4 _aFinancial Literacy.
650 4 _aInvestment and Investment Climate.
650 4 _aMacroeconomics and Economic Growth.
710 2 _aWorld Bank.
856 4 0 _uhttp://elibrary.worldbank.org/content/book/9780821370766
942 _cEK
999 _c14360
_d14360